<?xml version="1.0" encoding="UTF-8"?>
<record
    xmlns:xsi="http://www.w3.org/2001/XMLSchema-instance"
    xsi:schemaLocation="http://www.loc.gov/MARC21/slim http://www.loc.gov/standards/marcxml/schema/MARC21slim.xsd"
    xmlns="http://www.loc.gov/MARC21/slim">

  <leader>00673nam a22002417a 4500</leader>
  <controlfield tag="003">UA-OsUOA</controlfield>
  <controlfield tag="001"> 29398 </controlfield>
  <controlfield tag="007">ta</controlfield>
  <controlfield tag="008">20041008b un ||||| |||| 00| 0 ukr d</controlfield>
  <datafield tag="090" ind1=" " ind2=" ">
    <subfield code="a">37.013</subfield>
    <subfield code="b">&#x421;41</subfield>
  </datafield>
  <datafield tag="942" ind1=" " ind2=" ">
    <subfield code="c">BK</subfield>
  </datafield>
  <datafield tag="040" ind1=" " ind2=" ">
    <subfield code="a">UA-OsUOA</subfield>
    <subfield code="b">ukr</subfield>
    <subfield code="c">UA-OsUOA</subfield>
    <subfield code="d">UA-OsUOA</subfield>
  </datafield>
  <datafield tag="245" ind1=" " ind2=" ">
    <subfield code="a">&#x421;&#x438;&#x442;&#x443;&#x430;&#x446;&#x456;&#x439;&#x43D;&#x430; &#x43C;&#x435;&#x442;&#x43E;&#x434;&#x438;&#x43A;&#x430; &#x43D;&#x430;&#x432;&#x447;&#x430;&#x43D;&#x43D;&#x44F;: &#x442;&#x435;&#x43E;&#x440;&#x456;&#x44F; &#x456; &#x43F;&#x440;&#x430;&#x43A;&#x442;&#x438;&#x43A;&#x430;</subfield>
    <subfield code="c">&#x421;&#x43E;&#x441;&#x442;. &#x41E;.&#x421;&#x438;&#x434;&#x43E;&#x440;&#x435;&#x43D;&#x43A;&#x43E; &#x412;.&#x427;&#x443;&#x431;&#x430;</subfield>
  </datafield>
  <datafield tag="300" ind1=" " ind2=" ">
    <subfield code="a">256 &#x441;.</subfield>
  </datafield>
  <datafield tag="955" ind1=" " ind2=" ">
    <subfield code="a">0</subfield>
  </datafield>
  <datafield tag="041" ind1=" " ind2=" ">
    <subfield code="a">ukr</subfield>
  </datafield>
  <datafield tag="080" ind1=" " ind2=" ">
    <subfield code="a">37.013</subfield>
  </datafield>
  <datafield tag="020" ind1=" " ind2=" ">
    <subfield code="a">966-7345-42-4</subfield>
  </datafield>
  <datafield tag="260" ind1=" " ind2=" ">
    <subfield code="a">&#x41A;&#x438;&#x457;&#x432;</subfield>
    <subfield code="b">&#x426;&#x435;&#x43D;&#x442;&#x440; &#x456;&#x43D;&#x43D;&#x43E;&#x432;&#x430;&#x446;&#x456;&#x439; &#x442;&#x430; &#x440;&#x43E;&#x437;&#x432;&#x438;&#x442;&#x43A;&#x443;</subfield>
    <subfield code="c">2001</subfield>
  </datafield>
  <datafield tag="044" ind1=" " ind2=" ">
    <subfield code="a">UA</subfield>
  </datafield>
  <datafield tag="650" ind1=" " ind2="7">
    <subfield code="2">UDC</subfield>
  </datafield>
  <datafield tag="999" ind1=" " ind2=" ">
    <subfield code="c">315785</subfield>
    <subfield code="d">315785</subfield>
  </datafield>
  <datafield tag="952" ind1=" " ind2=" ">
    <subfield code="0">0</subfield>
    <subfield code="1">0</subfield>
    <subfield code="2">udc</subfield>
    <subfield code="4">0</subfield>
    <subfield code="7">0</subfield>
    <subfield code="a">102</subfield>
    <subfield code="b">102</subfield>
    <subfield code="d">2004-10-08</subfield>
    <subfield code="g">45.00</subfield>
    <subfield code="i">94103</subfield>
    <subfield code="l">0</subfield>
    <subfield code="o">37.013 &#x421;41</subfield>
    <subfield code="p">94103</subfield>
    <subfield code="r">2021-11-17 00:00:00</subfield>
    <subfield code="w">2004-10-08</subfield>
    <subfield code="y">BK</subfield>
  </datafield>
  <datafield tag="952" ind1=" " ind2=" ">
    <subfield code="0">0</subfield>
    <subfield code="1">0</subfield>
    <subfield code="2">udc</subfield>
    <subfield code="4">0</subfield>
    <subfield code="7">0</subfield>
    <subfield code="a">102</subfield>
    <subfield code="b">102</subfield>
    <subfield code="d">2004-10-08</subfield>
    <subfield code="g">45.00</subfield>
    <subfield code="i">94104</subfield>
    <subfield code="l">0</subfield>
    <subfield code="o">37.013 &#x421;41</subfield>
    <subfield code="p">94104</subfield>
    <subfield code="r">2021-11-17 00:00:00</subfield>
    <subfield code="w">2004-10-08</subfield>
    <subfield code="y">BK</subfield>
  </datafield>
</record>
